000 00925nam a22003377a 4500
001 BR0603828
003 BR-BrBNA
005 20240123115941.0
007 ta
008 230509b bl.||||| |||| 00| 0 por d
040 _aBR-BrBNA
_bpor
_cBiblioteca Nacional de Agricultura
041 _a(Por)
072 _aA01; S01; H01
090 _aA01
_bBR0603828
100 1 _aDantas, Ivanildo Pereira
245 1 _aAgricultura familiar; receitas agroecológicas, cultivos orgânicos e outras alternativas
260 3 _aJoão Pessoa, PB (Brasil):
_c2005.
300 _a128 p.
500 _a24 illus.; 8 ref.
650 _aAGRICULTURA FAMILIAR
650 _aALIMENTAÇÃO
650 _aAGROTÓXICO
650 _aFERTILIZANTE
650 _aRECEITA
650 _aCOMPOSTAGEM
650 _aINSETICIDA
650 _aPRAGA DE PLANTA
650 _aDOENÇA DE PLANTA
650 _aCONTROLE BIOLÓGICO
942 _cBK
_2AGRIS
999 _c69946
_d69946